[Event "EU Union-ch U14"]
[Site "Pec pod Snezkou"]
[Date "2022.08.29"]
[Round "8"]
[White "Prokhorova, Arina"]
[Black "Mikulinaite, Meta"]
[Result "1/2-1/2"]
[WhiteElo "1086"]
[BlackElo "1138"]
[PlyCount "57"]
[EventDate "2022.08.22"]
[EventType "swiss"]
[EventRounds "9"]
[EventCountry "CZE"]
[SourceTitle "EXT 2023"]
[Source "ChessBase"]
[SourceDate "2022.10.05"]
[SourceVersion "1"]
[SourceVersionDate "2022.10.05"]
[SourceQuality "1"]

1. d4 d5 2. Bg5 h6 3. Bh4 c6 4. e3 Bf5 5. Nf3 Nf6 6. Bxf6 exf6 7. c4 Be7 8. Nc3 dxc4 9. Bxc4 0-0 10. 0-0 Bd6 11. Rc1 Nd7 12. Ne2 Nb6 13. Bb3 Rc8 14. Ng3 Bh7 15. Nh4 Qd7 16. Bc2 Bxg3 17. fxg3 Nd5 18. Nf5 Qe6 19. e4 Nb4 20. Bb1 Bxf5 21. exf5 Qe3+ 22. Kh1 Rfd8 23. Re1 Qxd4 24. Qxd4 Rxd4 25. Re7 Rcd8 26. Ree1 Nd3 27. Bxd3 Rxd3 28. Kg1 Rd2 29. Rb1 1/2-1/2

[Event "EU Union-ch U14"]
[Site "Pec pod Snezkou"]
[Date "2022.08.25"]
[Round "4"]
[White "Stary, Simon"]
[Black "Prokhorova, Arina"]
[Result "1/2-1/2"]
[WhiteElo "1309"]
[BlackElo "1086"]
[PlyCount "82"]
[EventDate "2022.08.22"]
[EventType "swiss"]
[EventRounds "9"]
[EventCountry "CZE"]
[SourceTitle "EXT 2023"]
[Source "ChessBase"]
[SourceDate "2022.10.05"]
[SourceVersion "1"]
[SourceVersionDate "2022.10.05"]
[SourceQuality "1"]

1. e4 c5 2. Nf3 d6 3. d4 cxd4 4. Nxd4 Nf6 5. Nc3 g6 6. Be3 Bg7 7. Qd2 0-0 8. f3 Nc6 9. 0-0-0 d5 10. Nxc6 bxc6 11. exd5 Nxd5 12. Nxd5 cxd5 13. Qxd5 Qc7 14. Qxa8 Bf5 15. Qxf8+ Kxf8 16. Bd3 Qe5 17. Kd2 Qxb2 18. Bxf5 gxf5 19. Rb1 Qc3+ 20. Kd1 Bd4 21. Bxd4 Qxd4+ 22. Kc1 Qe3+ 23. Kb2 Qb6+ 24. Ka1 Qc5 25. Rb2 Qf2 26. c4 Qd4 27. a3 Qxc4 28. Rhb1 Qc3 29. Ka2 Qc4+ 30. Rb3 a5 31. Ka1 a4 32. Rb8+ Kg7 33. R8b4 Qc3+ 34. Ka2 Qc2+ 35. R1b2 Qd1 36. h3 Qd5+ 37. Ka1 Qd1+ 38. Ka2 Qd5+ 39. Ka1 Qd1+ 40. Ka2 Qd5+ 41. Ka1 Qd1+ 1/2-1/2